Flaggen nach Buchstaben - B - Statistiken

Allgemein
  • Dieses Quiz wurde 79 mal gespielt
  • Das Durchschnittsergebnis liegt bei 15 aus 17
Antwortstatistiken
Bildquiz Antwort % Korrekt
Belgien
100%
Brasilien
100%
Bosnien und Herzegowina
97%
Belarus
96%
Bulgarien
94%
Bangladesch
93%
Bhutan
93%
Bahamas
90%
Botswana
90%
Bolivien
89%
Bahrain
87%
Benin
87%
Brunei
86%
Barbados
85%
Belize
83%
Burkina Faso
79%
Burundi
77%
Keine übereinstimmenden Quizze gefunden
Verteilung der Resultate
Anzahl Personen mit jedem Resultat
Perzentil nach korrekt beantworteten Fragen
Ihre Resultats-Entwicklung
Sie haben dieses Quiz noch nicht gespielt